01357nam a2200301 a 4500001001000000003000900010005001700019008004100036040002500077082001800102100002300120245023900143260004200382300003400424504002800458590002600486650005100512650004200563650006700605700003200672700002500704710008600729710005600815910003700871942001400908952011600922999001701038000042049DO-SdBNP20260409180827.0131112s1992 dr ac 000 0 spa d aDO-SdBNPbspacBNPHU a331.31bD812p1 aDuarte, Isis9212310aPerfiles de los menores en circunstancias especialmente dificiles en la República Dominicana. / :b(un análisis sobre los menores trabajadores, de la calle e institucionalizados) /cIsis Duarte, Carmen Julia Gómez, Marina Ariza. aSanto Domingo :bIEPDbUNICEF,c1992. a67 p. :bil., retr. ;c25 cm. aBibliografía p: 65-66 aInventariado, 2018/VM 4aTrabajo infantilzRepública Dominicana98549 4aPobrezazRepública Dominicana92079 4aNiños en República DominicanaxCondiciones sociales96903712aGómez, Carmen Julia9207712aAriza, Marina9365972 aInstituto de Estudios de Población y Desarrollo (República Dominicana)970393 aFondo de las Naciones Unidas para la Infancia99270 aValidado. Control de calidad MFF 2ddccLBS1 0010718PDaPDbPDcHDd2013-11-12iLF1l0o331.31 D812pp42049-10r2020-06-25w2020-06-25yLFPDZNo se presta c41538d41538